| Tag |
First Indicator |
Second Indicator |
Subfields |
| LEADER |
00000cam a2200000 4500 |
| 001 |
in00000024128 |
| 005 |
20151007061028.0 |
| 008 |
760629s1945 enkf 00010 eng |
| 010 |
|
|
|a 45004418
|
| 035 |
|
|
|a (OCoLC)02287293
|
| 035 |
|
|
|9 AAD0877AM
|
| 040 |
|
|
|a DLC
|c DRB
|d TXA
|d UtOrBLW
|
| 049 |
|
|
|a TXAM
|c [140983]
|
| 050 |
|
0 |
|a SF375
|b .T48
|
| 092 |
|
|
|a 636.308
|b T458s
|
| 100 |
1 |
|
|a Thomas, James Francis Herbert,
|d 1899-
|
| 245 |
1 |
0 |
|a Sheep /
|c by J. F. H. Thomas, with chapters by Moses Griffiths, Martin Jones [and] A. R. Wannop.
|
| 264 |
|
1 |
|a London :
|b Faber & Faber limited,
|c [1945]
|
| 300 |
|
|
|a 196 pages :
|b plates. ;
|c 23cm.
|
| 336 |
|
|
|a text
|b txt
|2 rdacontent
|
| 337 |
|
|
|a unmediated
|b n
|2 rdamedia
|
| 338 |
|
|
|a volume
|b nc
|2 rdacarrier
|
| 500 |
|
|
|a "First published in Mcmxiv."
|
| 650 |
|
0 |
|a Sheep
|z Great Britain.
|
| 700 |
1 |
|
|a Griffiths, Moses.
|
| 700 |
1 |
|
|a Jones, Martin,
|c M.SC.
|
| 700 |
1 |
|
|a Wannop, A. R.
|
| 999 |
|
|
|a MARS
|
| 999 |
f |
f |
|s afb51a04-7541-3ba8-a057-360619359af6
|i 86a0487b-38f9-37b8-b098-c2550b97f4cb
|t 0
|
| 952 |
f |
f |
|p ric
|a Texas A&M University
|b Rellis Campus
|c Joint Library Facility
|d Remote Storage
|t 0
|e SF375 .T48
|h Library of Congress classification
|i unmediated -- volume
|m A14801090673
|
| 998 |
f |
f |
|a SF375 .T48
|t 0
|l Remote Storage
|